000 00256nam a22001097a 4500
082 _a621.3 GRA'A
100 _aGRAHAM, FRANK D
_942150
245 _aAUDELS NEW ELECTRONIC LIBRARY VOL-III
260 _aNEWYORK
_bAUDEL
_c1961
300 _a1334P
942 _cBK
999 _c567276
_d567276